| 000 | 01444nam1a22003251 4500 | ||
|---|---|---|---|
| 001 | rc\3680818 | ||
| 005 | 20130115151528.8 | ||
| 021 |
_aRU _b70-353 |
||
| 021 |
_aRU _b70-358 |
||
| 021 |
_aRU _b70-354 |
||
| 021 |
_aRU _bРг5771-70 |
||
| 035 | _a(NLR Aleph) 007751102 | ||
| 090 |
_a7264618 _c7264618 |
||
| 100 | _a20130115d1969 |||y0rusy50 ca | ||
| 101 | 0 | _arus | |
| 102 | _aRU | ||
| 105 | _a z ||||| | ||
| 200 | 1 |
_aИсследование усиления и генерации акустических потоков в фотопроводящих пьезополупроводниках при сверхзвуковом дрейфе электронов _e[В 3 ч.] _eЧ. 1-3 _fОрдена Трудового Красного Знамени ин-т радиотехники и электроники АН СССР |
|
| 210 |
_aМосква _cБ. и. _d1969 |
||
| 215 |
_a3 т. _d20 |
||
| 300 | _aПеред загл. авт.: Ч. 1 и 2 - С.Г. Калашников, А.И. Морозов, В.В. Проклов; Ч. 3 - Ю.А. Гуляев, А.И. Морозов, В.В. Проклов | ||
| 309 | _aОтпеч. множит. аппаратом | ||
| 700 | 1 |
_aКалашников _bС. Г. _gСергей Григорьевич |
|
| 701 | 1 |
_aМорозов _bА. И. |
|
| 701 | 1 |
_aПроклов _bВ. В. |
|
| 801 | 0 |
_aRU _bNLR _gpsbo |
|
| 801 | 1 |
_aRU _bELAR _2rusmarc |
|
| 852 |
_aNLR _j70-4/5014 |
||
| 942 | _cBOOK | ||
| 980 | _aNB | ||